Wappen der deutschen Bundesländer - Whammies - Statistiken

Allgemein
  • Dieses Quiz wurde 177 mal gespielt
  • Das Durchschnittsergebnis liegt bei 8 aus 16
Antwortstatistiken
Bildquiz Antwort % Korrekt
Berlin
98%
Bayern
95%
Hamburg
80%
Nordrhein-Westfalen
68%
Sachsen
66%
Bremen
60%
Niedersachsen
52%
Rheinland-Pfalz
48%
Hessen
47%
Thüringen
46%
Baden-Württemberg
40%
Brandenburg
36%
Mecklenburg-Vorpommern
29%
Sachsen-Anhalt
28%
Schleswig-Holstein
27%
Saarland
26%
Keine übereinstimmenden Quizze gefunden
Verteilung der Resultate
Anzahl Personen mit jedem Resultat
Perzentil nach korrekt beantworteten Fragen
Ihre Resultats-Entwicklung
Sie haben dieses Quiz noch nicht gespielt